Elektronická zdravotná karta v rámci EÚ 1.

Podrobná bibliografia
Hlavný autor: Laifr, Ján (Autor)
Médium: Článok
Jazyk:slovenčina
Fyzický popis:Obr.
ISSN:1335-924X
Predmet:

MARC

LEADER 00000nab a2200000 a 4500
001 vtls008414582
003 SK-MaSNL
005 20260304142215.0
008 250505c2005 xo 0 slo
015 |a SNBCL2005/5 
035 |a SLK032844 
035 |a urn:nbn:sk:snk-ab2kbe 
035 |a (urnnbn)urn:nbn:sk:snk:ar-a02k9i 
035 |a (uuid)528120d1-e231-4416-85c6-240886b72cb2 
040 |a SNKBUCL  |b slo  |c SNKBUCL  |e AACR2 
041 0 |a slo 
044 |a xo  |c SK 
080 |a 614.2(4)  |2 1981 
100 1 |a Laifr, Ján  |4 aut  |9 1119697 
245 1 0 |a Elektronická zdravotná karta v rámci EÚ  |n 1.  |c Ján Laifr 
300 |b Obr. 
610 7 |a Európska únia  |2 MESH  |9 29861 
650 0 7 |a poskytovanie zdravotníckej starostlivosti  |x trendy  |2 MESH  |9 1428523 
650 0 7 |a reforma zdravotníckej starostlivosti  |x trendy  |2 MESH  |9 1428272 
650 0 7 |a technológia  |2 MESH  |9 66619 
650 0 7 |a elektronika  |2 MESH  |9 3618 
650 0 7 |a projekty pilotné  |2 MESH  |9 868143 
773 0 |t Lekárnik  |g Roč. 10, č. 4 (2005), s. 38-39  |x 1335-924X 
850 |a Slovenská národná knižnica 
852 |a Slovenská národná knižnica 
954 |a odborná, vedecká literatúra pôvodná (slovenská)  |2 lita 
958 |a article27 
958 |a OND 
958 |a EUIPO 
999 |c 2920673  |d 2922603